000 00396 a2200157 4500
003 Nust
005 20170207171856.0
040 _cNust
082 _a005.1
100 _aNaz, Aqdas (MSCS-20)
245 _aEnergy Efficient Routing Protocols for Wireless Sensor Networks
_cAqdas Naz
260 _aRawalpindi
_bMCS,NUST
_cAugust 2016
300 _aix, 42 p
650 _aPG Thesis MSCS
651 _aMSCS-20
942 _cTHS
999 _c219417
_d219417